| 000 | 00522ntaaa2200181 4500 | ||
|---|---|---|---|
| 003 | 01 | ||
| 005 | 20251027202518.0 | ||
| 008 | 0714s1973 ag 01 | ||
| 040 |
_aAR-BaBN _bspa _cAR-BaBN _eaacr _dRIC |
||
| 082 | _a136.7354 C48 | ||
| 100 |
_aCieslar, Pedro _924054 |
||
| 245 | _aAdolescentes arreligiosos, indiferentes, fervorosos | ||
| 250 | _a1 ed. | ||
| 260 |
_aBuenos, Aires : _bSeminario Teologico Bautista, _c1966 |
||
| 300 | _a17p. | ||
| 500 | _aMonografiaLibro perdido juego de ficha retirado 11/8/76 | ||
| 942 | _cBK | ||
| 999 |
_c20130 _d20130 |
||